000
00412nam a2200133Ia 4500
008
100328s9999 xx 000 0 und d
082
_b
61851
100
_a
देशमुख भास्कर.
245
_a
अलौकिक स्त्री.
260
_b
नंदादीप.
630
_a
अलौकिक स्त्री.
730
_a
अलौकिक स्त्री.
942
_c
BOOK
999
_c
547909
_d
547906